Primetime Emmy Award for Outstanding Lead Actress in a Comedy Series - Statistics

General Stats
  • This quiz has been taken 83 times
  • The average score is 28 of 62
Answer Stats
Year Actress % Correct
1986 Betty White
77%
2016 Julia Louis-Dreyfus
75%
2015 Julia Louis-Dreyfus
75%
2014 Julia Louis-Dreyfus
75%
2013 Julia Louis-Dreyfus
75%
2012 Julia Louis-Dreyfus
75%
2006 Julia Louis-Dreyfus
75%
1976 Mary Tyler Moore
74%
1974 Mary Tyler Moore
74%
1973 Mary Tyler Moore
74%
1966 Mary Tyler Moore
74%
1964 Mary Tyler Moore
74%
1988 Bea Arthur
68%
1977 Bea Arthur
68%
1968 Lucille Ball
66%
1967 Lucille Ball
66%
1956 Lucille Ball
66%
2002 Jennifer Aniston
64%
2001 Patricia Heaton
60%
2000 Patricia Heaton
60%
2003 Debra Messing
53%
1978 Jean Stapleton
51%
1972 Jean Stapleton
51%
1971 Jean Stapleton
51%
1983 Shelley Long
51%
2008 Tina Fey
51%
1995 Candice Bergen
49%
1994 Candice Bergen
49%
1992 Candice Bergen
49%
1990 Candice Bergen
49%
1989 Candice Bergen
49%
1987 Rue McClanahan
49%
2004 Sarah Jessica Parker
49%
1991 Kirstie Alley
47%
2010 Edie Falco
45%
1999 Helen Hunt
42%
1998 Helen Hunt
42%
1997 Helen Hunt
42%
1996 Helen Hunt
42%
1993 Roseanne Barr
38%
1975 Valerie Harper
38%
1982 Carol Kane
30%
2011 Melissa McCarthy
30%
1985 Jane Curtin
28%
1984 Jane Curtin
28%
2005 Felicity Huffman
26%
1981 Isabel Sanford
25%
1979 Ruth Gordon
21%
1954 Eve Arden
19%
2009 Toni Collette
19%
2007 America Ferrera
17%
1970 Hope Lange
17%
1969 Hope Lange
17%
1963 Shirley Booth
17%
1962 Shirley Booth
17%
1961 Barbara Stanwyck
13%
1980 Cathryn Damon
13%
1960 Jane Wyatt
13%
1959 Jane Wyatt
13%
1958 Jane Wyatt
13%
1957 Nanette Fabray
13%
1955 Loretta Young
8%
No matching quizzes found
Score Distribution
Percent of People with Each Score
Percentile by Number Answered
Your Score History
You have not taken this quiz